Italian Brainrots - Statistics

General Stats
  • This quiz has been taken 17 times
  • The average score is 6 of 8
Answer Stats
Picture Answer % Correct
Ballerina Cappuccina
100%
Cappuccino Assassino
85%
Tralalero Tralala
85%
Tung Tung Tung Sahur
85%
Chimpanzini Bananini
69%
Bombardino Crocodilo
62%
Bombombini Gusini
62%
Lirili Larila
54%
No matching quizzes found
Score Distribution
Percent of People with Each Score
Percentile by Number Answered
Your Score History
You have not taken this quiz